000 00292nam a22001337a 4500
008 171011b xxu||||| |||| 00| 0 eng d
020 _a0415901863
041 _aeng
080 _a316
100 _a50
101 _aSOC
245 _aFEMININITY AND DOMINATION
_cBARTKY,S.L
942 _2udc
_cBK
999 _c33160
_d33160